| 000 | 00588 a2200193 4500 | ||
|---|---|---|---|
| 999 |
_c196584 _d196584 |
||
| 005 | 20230718101731.0 | ||
| 010 | _aENG-137414 | ||
| 020 |
_a9789350717325 _c375.00 |
||
| 035 | _aEN-120946 | ||
| 037 | _bDBAD/Pub | ||
| 082 | 1 | 4 | _a346.07 |
| 100 | _aArora, Sushma | ||
| 245 | 1 |
_aBusiness Laws: _cBy Sushma Arora _bChoice Based Credit System/ |
|
| 250 | _a3rd edition. | ||
| 260 |
_aDelhi _bTaxmann Publishing (p.) Ltd. _cJuly,2015 |
||
| 270 |
_a59/32, New Rohtak Road, _bNew Delhi _e110005 |
||
| 300 |
_av.p.; _c24cm(pbk) |
||
| 942 |
_cEN _2ddc _h346.07 _mSUS _e3rd edition |
||